| Tag |
First Indicator |
Second Indicator |
Subfields |
| LEADER |
00000cam a22000001 4500 |
| 001 |
in00000038093 |
| 005 |
20211225063320.0 |
| 008 |
740606r19671933nyu 00000ceng |
| 010 |
|
|
|a 67023207
|
| 035 |
|
|
|a (OCoLC)01022083
|
| 035 |
|
|
|9 AAF5437AM
|
| 040 |
|
|
|a DLC
|c DLC
|d TXA
|d UtOrBLW
|
| 049 |
|
|
|a TXAM
|c [469847]
|
| 050 |
0 |
0 |
|a BX5100
|b .D6 1967
|
| 082 |
0 |
|
|a 283/.43
|
| 092 |
|
|
|a 283.42
|b D675m, 1967
|
| 100 |
1 |
|
|a Donald, Gertrude.
|
| 245 |
1 |
0 |
|a Men who left the movement: John Henry Newman, Thomas W. Allies, Henry Edward Manning, Basil William Maturin.
|
| 264 |
|
1 |
|a Freeport, N.Y. :
|b Books for Libraries Press,
|c [1967]
|
| 300 |
|
|
|a viii, 422 pages ;
|c 21 cm.
|
| 336 |
|
|
|a text
|b txt
|2 rdacontent
|
| 337 |
|
|
|a unmediated
|b n
|2 rdamedia
|
| 338 |
|
|
|a volume
|b nc
|2 rdacarrier
|
| 490 |
0 |
|
|a Essay index reprint series
|
| 500 |
|
|
|a Reprint of the 1933 edition.
|
| 600 |
1 |
0 |
|a Newman, John Henry,
|c Saint,
|d 1801-1890.
|
| 600 |
1 |
0 |
|a Allies, T. W.
|q (Thomas William),
|d 1813-1903.
|
| 600 |
1 |
0 |
|a Manning, Henry Edward,
|d 1808-1892.
|
| 600 |
1 |
0 |
|a Maturin, B. W.
|q (Basil William),
|d 1847-1915.
|
| 650 |
|
0 |
|a Oxford movement.
|
| 999 |
|
|
|a MARS
|
| 999 |
f |
f |
|s 79498f19-46fe-3686-89c6-9b733f6e6ba1
|i c98d1e3d-7b05-3341-95b6-e6d728a8b57b
|t 0
|
| 952 |
f |
f |
|p ric
|a Texas A&M University
|b Rellis Campus
|c Joint Library Facility
|d Remote Storage
|t 0
|e BX5100 .D6 1967
|h Library of Congress classification
|i unmediated -- volume
|m A14800623766
|
| 998 |
f |
f |
|a BX5100 .D6 1967
|t 0
|l Remote Storage
|